000 00758nam a22002531 4500
001 33177
003 BD-RjUL
005 20211209051948.0
008 140430r1969 nyu 000 0aeng
035 _a(BD-RjUL)33268
040 _aDLC
_cDLC
_dDLC
_dBD-RjUL
_beng
041 _aeng
082 0 0 _a301.082
_bGEL 1969
100 1 _aWard, Lester Frank.
_d1841-1913.
_9100774
245 0 0 _aLester Frank Ward :
_bselections from his work /
_cby Israel Gerver.
260 _aNew York :
_bCrowell,
_cc1963 [Reprint 1969].
300 _ax, 91 p. ;
_c22 cm.
490 0 _aMajor contributors to social science series
650 0 _aSociology.
_9100775
700 1 _aGerver, Israel,
_eed.
_9100708
942 _2ddc
_cBK
999 _c33177
_d33177